Las plantas medicinales de México

-д хадгалсан:
Номзүйн дэлгэрэнгүй
Үндсэн зохиолч: Martínez, Maximino (autor)
Формат: Ном
Хэл сонгох:испани
Хэвлэсэн: Ediciones Botas 1959
Хэвлэл:4a. ed
Нөхцлүүд:
Шошгууд: Шошго нэмэх
Шошго байхгүй, Энэхүү баримтыг шошголох эхний хүн болох!

MARC

LEADER 00000cam a2200000 a 4500
001 UCE2333
003 CL-VaPUC
008 140619e19590000mx |||||||||||||||||spa|d
082 0 4 |a 581.972  |b MAR  |2 21 
100 |a Martínez, Maximino  |e autor  |9 574791 
245 1 4 |a Las plantas medicinales de México 
250 |a 4a. ed 
300 |a 656 p 
942 |c BK 
945 |d 20140619 13:53:00  |a dcastane 
260 |b Ediciones Botas  |c 1959 
650 0 |a Botánica  |9 264202 
650 0 |a Medicina alternativa   |9 513088 
650 0 |a Plantas medicinales  |9 334373 
651 0 |a México  |9 255269 
583 |a last modification  |c 20140619 13:53:00  |k Rodrigo Vera 
999 |c 355963  |d 355961 
952 |0 0  |1 0  |3 erd  |4 0  |6 581_972000000000000_MAR_1959  |7 0  |8 A  |9 462957  |a BIBAGR  |b BIBAGR  |i 5085209  |o 581.972 MAR 1959  |p 5085209  |r 2025-01-20  |w 2019-11-23  |y BK  |z Catalogado en:20140619  |k AGR